000 02996nab a2200289 i 4500
003 BR-BrBNA
005 20240717152653.0
008 240717b2017 bl.|r|pooa||| 00| 0 por |
040 _aBR-BrBNA
_bpor
072 _aL73
_b5400
100 _aSouza, J.O.T.
100 _aWouk, A.F.P.F.
245 _aAngioceratoma conjuntival canino: relato de caso
500 _aPublicação online; 15 ref.; 2 illus.; Summaries (En, Pt)
520 _a RESUMO - O angioceratoma é um tumor de origem vascular, semelhante ao hemangioma, que se diferencia deste por alterações histológicas epiteliais. A apresentação ocular do angioceratoma é pouco frequente em cães, sendo mais comum a ocorrência de hemangioma e hemangiossarcoma. Neste relato, é descrito o caso de um cão, macho, da raça Border Collie, que apresentava uma massa localizada, hiperêmica, bem vascularizada e protrusa, na região temporal da conjuntiva bulbar do olho direito (OD). Foi realizado exame oftalmológico completo e ultrassonografia ocular, tendo sido possível observar que a massa não envolvia outras estruturas oculares além da conjuntiva. Dessa forma, foi realizada a conjuntivectomia parcial, e o material foi encaminhado para análise histológica. O exame histopatológico foi conclusivo para um angioceratoma e mostrou que as margens da amostra estavam livres. O procedimento cirúrgico com margem de segurança foi eficiente no tratamento da neoplasia, sem recorrência até o momento do presente relato. Palavras-chave: cães, tumor conjuntival, angioceratoma, hemangioma
520 _a ABSTRACT - Angiokeratomas have been described as tumors of vascular origin, similar to hemangioma but with participation of adjacent epithelium and less frequent in dogs. In this case we have reported an adult, male, Border Collie dog presenting a localized and hyperemic mass with protrusion surface and well vascularized region of temporal bulbar conjunctiva of the right eye (OD). Complete ocular examination and ocular ultrasound have revealed no involvement of other ocular structures beyond the conjunctiva. A partial conjuntivectomy was surgically performed, tissue material sent for histological analysis and angiokeratoma diagnosis was accurately made. Surgical procedure with a safety tissue margin has shown adequate treatment efficiency, with no neoplasia recurrence to date. Keywords: dogs, conjunctival tumors, angiokeratoma, hemangioma
650 _aCÃO
650 _aNEOPLASIA
650 _aTUMOR
650 _aOLHO
650 _aCIRURGIA
650 _aHISTOPATOLOGIA
773 0 _01643
_9316243
_dBelo Horizonte-MG Universidade Federal de Minas Gerais - Escola de Veterinaria 1983
_o2024-2644
_tArquivo Brasileiro de Medicina Veterinária e Zootecnia (Brazil)
_x0102-0935
_gv. 69(5) p. 1198-1202; (2017)
_wBR2024002198
856 _uhttps://www.scielo.br/j/abmvz/a/XWBMVNwMBNyY7F6RnjTPTcv/?format=pdf&lang=pt
942 _cAnalítica
999 _c300567
_d300567